Statistics for Guess the Taylor Swift song with no hint 78

Click here to take the quiz!

General Stats

  • This quiz has been taken 367 times
  • The average score is 348 of 397

Answer Stats

Answer% Correct
I
100%
a
99%
an
98%
the
98%
therein
98%
we
98%
and
97%
And
97%
is
97%
me?
97%
me
97%
you
97%
it
96%
It
96%
my
96%
to
96%
do
95%
Hahaha
94%
He
94%
he
94%
in
94%
on
94%
why
94%
all
93%
for
93%
have-
93%
have
93%
This
93%
this
93%
can't
92%
nice
92%
no
92%
was
92%
what
92%
don't
91%
hear
91%
so
91%
So
91%
They
91%
they
91%
when
91%
I'm
90%
thing
90%
she
89%
things
89%
Had
88%
had
88%
said
88%
'Cause
87%
Did
87%
here
87%
If
87%
say
87%
There
87%
there
87%
But
86%
not
86%
that
86%
them
86%
with
86%
about
85%
are
83%
baby
83%
friend
83%
from
83%
(oh)
83%
(Oh)
83%
take
83%
think
83%
break
82%
darling
82%
friends
82%
Here's
82%
here's
82%
away
81%
Because
81%
because
81%
drama
81%
even
81%
up
81%
call
80%
forgiveness
80%
listen
80%
mama
80%
real
80%
care
79%
lately
79%
face!
78%
face
78%
straight
78%
you've
78%
again
77%
wouldn't
77%
back
76%
big
76%
parties
76%
only
75%
toast
75%
ain't
74%
throwing
74%
being
73%
hand
73%
try
73%
Get
72%
honey
72%
mind
72%
weren't
72%
balcony
71%
chance
71%
giving
71%
head
71%
issue
71%
lost
71%
pool
71%
second
71%
trick
71%
champagne
70%
into
70%
Jump
70%
parade?
70%
shaking
70%
show
70%
while
70%
why'd
70%
rain
69%
reading
69%
rules
69%
shady
69%
stabbed
69%
twist
69%
lies
68%
sea
68%
took
68%
gates
67%
locking
67%
swimming
67%
whole
67%
year
67%
phone
66%
didn't
65%
Everyone
65%
chandelier
63%
Feeling
63%
axe
62%
Gatsby
62%
mended
58%
rattling
55%
beat
52%
(mm-mm)
52%
Bass
49%

Score Distribution

Percentile by Number Answered

Percent of People with Each Score

Your Score History

You have not taken this quiz